Cerámica medieval española /

Gardado en:
Detalles Bibliográficos
Autor Principal: Llubiá, Luis M. (autor)
Formato: Libro
Idioma:Lingua castelá
Publicado: Barcelona, España : Labor, 1967, c1967
Series:(Nueva Colección Labor ; 55)
Temas:
Etiquetas: Engadir etiqueta
Sen Etiquetas, Sexa o primeiro en etiquetar este rexistro!

MARC

LEADER 00000nam^a2200000^a^4500
001 000125493
005 20250521000000.0
009 20260310094650.624
037 |a Acervo ITESO - Biblioteca 
041 |a ESP 
082 |a 738. 0946012  |b LLU 
100 |a Llubiá, Luis M.  |e (autor) 
245 1 0 |a Cerámica medieval española /  |c L.M. Llubiá ; pról. de Eduardo Ripoll Perelló. 
264 4 |a Barcelona, España :  |b Labor,  |c 1967, c1967 
300 |a 194 p. 
336 |a texto  |b txt  |2 rdacontenido 
337 |a sin mediación  |b n  |2 rdamedio 
338 |a volumen  |b nc  |2 rdasoporte 
440 1 |a (Nueva Colección Labor ;  |v 55) 
649 |a XX 
650 |a Cerámica Medieval 
650 |a Cerámica Española 
650 |a Artesanía 
650 |a Arte Medieval -  |x Historia y Crítica 
650 |a Arte Español -  |x Historia y Crítica 
650 |a España -  |x Historia -  |y Período Arabe, 711-1492 
910 |a Fondo Salvador Reynoso Reynoso 
920 |a Impresos - Libros 
930 |a Fondos Especiales 
905 |a 112 
901 |a 0800008210  |b IT2  |c ESP  |u 20250521 
902 |a https://opac.biblio.iteso.mx/vufind/Record/000125493